| 000 | 00479nam a2200205Ia 4500 | ||
|---|---|---|---|
| 003 | IT-RoPAU | ||
| 008 | 120407s9999 xx 000 0 und d | ||
| 040 | _aIT-RoPAU | ||
| 040 | _cIT-RoPAU | ||
| 041 | _adeu | ||
| 100 | _aEtienne Gilson | ||
| 245 | _aDie Geschicnteder christlichen philosophie von ihren Anfangen bis Nikolaus Gues. | ||
| 250 | _aPaderborn | ||
| 260 | _aSchoningh | ||
| 260 | _c1952 | ||
| 300 | _c24,5 cm | ||
| 490 | _v3 | ||
| 942 | _cBK | ||
| 999 |
_c17234 _d17234 |
||